Super Sentai Rangers - Tile Select - Statistics

General Stats
  • This quiz has been taken 248 times
    247 since last reset
  • The average score is 57 of 80
Answer Stats
Question Tile Select % Correct
Had a Green Ranger Bakuryu Sentai Abaranger No
92%
Had a Green Ranger Taiyo Sentai Sun Vulcan No
92%
Had a Green Ranger Kaizoku Sentai Gokaiger Yes
91%
Had a Green Ranger Chojin Sentai Jetman No
90%
Had a Green Ranger Samurai Sentai Shinkenger Yes
90%
Had a Green Ranger Tokusou Sentai Dekaranger Yes
88%
Had a Green Ranger Denji Sentai Megaranger No
87%
Had a Green Ranger Juken Sentai Gekiranger No
87%
Had a Green Ranger Kishiryu Sentai Ryusoulger Yes
85%
Had a Green Ranger Kyoryu Sentai Zyuranger Yes
85%
Had a Green Ranger Dengeki Sentai Changeman No
84%
Had a Green Ranger Gosei Sentai Dairanger Yes
81%
Had a Green Ranger Doubutsu Sentai Zyuohger Yes
80%
Had a Yellow Ranger Ninpuu Sentai Hurricaneger Yes
79%
Had a Green Ranger Himitsu Sentai Gorenger Yes
78%
Had a Yellow Ranger Tokumei Sentai Go-Busters Yes
78%
Had a Pink Ranger Ninja Sentai Kakuranger No
77%
Had a Pink Ranger Juken Sentai Gekiranger No
76%
Had a Pink Ranger Taiyo Sentai Sun Vulcan No
76%
Had a Yellow Ranger GoGo Sentai Boukenger Yes
75%
Had a Yellow Ranger Kishiryu Sentai Ryusoulger No
75%
Had a Yellow Ranger Ressha Sentai ToQger Yes
75%
Had a Yellow Ranger Seijuu Sentai Gingaman Yes
75%
Had a Pink Ranger Tokusou Sentai Dekaranger Yes
75%
Had a White Ranger Engine Sentai Go-onger No
74%
Had a White Ranger Kaizoku Sentai Gokaiger No
74%
Had a White Ranger Choudenshi Bioman No
73%
Had a White Ranger Denshi Sentai Denziman No
73%
Had a Pink Ranger Hyakujuu Sentai Gaoranger No
73%
Had a Yellow Ranger J.A.K.Q. Dengekitai No
73%
Had a White Ranger Kyōryū Sentai Zyuranger No
73%
Had a Pink Ranger Shuriken Sentai Ninninger Yes
73%
Had a Pink Ranger Tensou Sentai Goseiger Yes
73%
Had a Yellow Ranger Zyuden Sentai Kyoryuger No
73%
Had a Yellow Ranger Kousoku Sentai Turboranger Yes
72%
Had a Pink Ranger Kyuukyuu Sentai GoGoFive Yes
72%
Had a Black Ranger Mahou Sentai Magiranger No
72%
Had a Yellow Ranger Mashin Sentai Kiramager Yes
72%
Had a Yellow Ranger Battle Fever J No
71%
Had a Green Ranger Choudenshi Bioman Yes
71%
Had a Pink Ranger Denji Sentai Megaranger Yes
71%
Had a White Ranger Himitsu Sentai Gorenger No
71%
Had a White Ranger Hyakujuu Sentai Gaoranger Yes
71%
Had a Black Ranger Kaitou Sentai Lupinranger VS Keisatsu Sentai Patranger No
71%
Had a Black Ranger Mirai Sentai Timeranger No
71%
Had a Yellow Ranger Ninja Sentai Kakuranger Yes
71%
Had a Black Ranger Ressha Sentai ToQger No
71%
Had a Black Ranger Tokumei Sentai Go-Busters No
71%
Had a White Ranger Ninja Sentai Kakuranger Yes
70%
Had a White Ranger Shuriken Sentai Ninninger Yes
70%
Had a Pink Ranger Choujuu Sentai Liveman No
69%
Had a White Ranger Choujuu Sentai Liveman No
69%
Had a Pink Ranger Kaitou Sentai Lupinranger VS Keisatsu Sentai Patranger Yes
69%
Had a Black Ranger Bakuryū Sentai Abaranger Yes
68%
Had a Black Ranger Hyakujuu Sentai Gaoranger Yes
68%
Had a Yellow Ranger Dengeki Sentai Changeman No
67%
Had a Yellow Ranger Dai Sentai Goggle-V Yes
66%
Had a Black Ranger Denji Sentai Megaranger Yes
66%
Had a Black Ranger Tensou Sentai Goseiger Yes
66%
Had a Yellow Ranger Chikyu Sentai Fiveman Yes
65%
Had a Yellow Ranger Choushinsei Flashman Yes
65%
Had a White Ranger Battle Fever J No
64%
Had a Black Ranger Choushinsei Flashman No
64%
Had a Green Ranger Denshin Sentai Denziman Yes
64%
Had a Black Ranger Gekisou Sentai Carranger No
64%
Had a Black Ranger Uchu Sentai Kyuranger Yes
62%
Had a White Ranger Gosei Sentai Dairanger Yes
61%
Had a Pink Ranger Chojin Sentai Jetman No
60%
Had a Black Ranger Chōjin Sentai Jetman Yes
60%
Had a White Ranger Doubutsu Sentai Zyuohger Yes
60%
Had a Pink Ranger Kagaku Sentai Dynaman Yes
60%
Had a Pink Ranger J.A.K.Q. Dengekitai Yes
59%
Had a Pink Ranger Dengeki Sentai Changeman Yes
58%
Had a Pink Ranger Hikari Sentai Maskman Yes
58%
Had a Black Ranger Hikari Sentai Maskman Yes
54%
Had a White Ranger Uchu Sentai Kyuranger No
54%
Had a Black Ranger Battle Fever J Yes
53%
Had a Black Ranger Dai Sentai Goggle-V Yes
53%
Had a White Ranger Tokusou Sentai Dekaranger Yes
52%
Had a White Ranger Dengeki Sentai Changeman Yes
51%
No matching quizzes found
Score Distribution
Percent of People with Each Score
Percentile by Number Answered
Your Score History
You have not taken this quiz since the last reset